[Event "17th Olomouc Open 2014"]
[Site "Olomouc CZE"]
[Date "2014.08.02"]
[Round "3.15"]
[White "Furman,Bo"]
[Black "Mammadova,Narmin"]
[Result "0-1"]
[WhiteElo "2225"]
[BlackElo "2019"]

1.d4 d5 2.c4 dxc4 3.e4 e5 4.Nf3 exd4 5.Bxc4 Nc6 6.O-O Be6 7.Bb5 Bc5 8.Ng5 Qd7
9.Nxe6 Qxe6 10.Nd2 O-O-O 11.Qh5 Bb6 12.Bc4 Qg6 13.Qh3+ Kb8 14.f4 Nb4 15.f5 Qc6
16.Bxf7 Nc2 17.Rb1 Ne3 18.Re1 Nf6 19.Qf3 Nfg4 20.Bb3 d3 21.Kh1 Qh6 22.h3 Qh4
23.Rxe3 Nxe3 24.Kh2 Qe1 25.g4 Nxf5 26.Qg2 Nh4 27.Qf1 Qe2+ 28.Kg3 Rhf8 29.Bf7 Qxf1
30.Nxf1 Rxf7  0-1

[Event "41st Olympiad Women 2014"]
[Site "Tromso NOR"]
[Date "2014.08.05"]
[Round "4.6"]
[White "Javakhishvili,L"]
[Black "Haast,A"]
[Result "0-1"]
[WhiteElo "2478"]
[BlackElo "2324"]

1.d4 d5 2.c4 dxc4 3.e4 e5 4.Nf3 exd4 5.Bxc4 Bb4+ 6.Bd2 Bxd2+ 7.Nbxd2 Nc6
8.O-O Nf6 9.e5 Nd5 10.Qb3 Na5 11.Qa4+ Nc6 12.Bb5 Bd7 13.Qb3 Nf4 14.Bc4 O-O
15.Rfe1 Na5 16.Qc2 Nxc4 17.Qxc4 Bc6 18.Qxd4 Qxd4 19.Nxd4 Bxg2 20.f3 Rad8
21.N2b3 Bh3 22.Re4 Ne6 23.Rc1 c6 24.f4 Rd5 25.Rc3 Nxd4 26.Rxd4 Rxd4 27.Nxd4 Rd8
28.Nxc6 bxc6 29.Rxh3 Rd1+ 30.Kf2 Rd2+ 31.Kg3 Rxb2 32.Kg4 Rxa2 33.Rb3 g6 34.Rb8+ Kg7
35.Rb7 h5+ 36.Kg3 Kf8 37.Rc7 a5 38.Rxc6 a4 39.Ra6 a3 40.Ra8+ Ke7 41.Ra7+ Ke6
42.Ra6+ Kd5 43.Kh4 Rxh2+ 44.Kg5 a2 45.Kf6 h4 46.Kxf7 h3 47.e6 Re2 48.Ra5+ Kc6
49.e7 Rxe7+ 50.Kxe7 h2 51.Rxa2 h1=Q 52.Ra6+ Kd5 53.Rxg6 Qe4+ 54.Kf7 Qxf4+
55.Kg7 Ke5 56.Rh6 Qg5+ 57.Rg6 Qe7+ 58.Kg8 Kf5 59.Rg1 Qe3 60.Rg7 Qe8+ 61.Kh7 Kf6
62.Ra7 Qe4+ 63.Kg8 Qg4+ 64.Kh7 Qh3+ 65.Kg8 Qg3+ 66.Kh7 Qh2+  0-1

[Event "17th Olomouc IM 2014"]
[Site "Olomouc CZE"]
[Date "2014.08.06"]
[Round "10.3"]
[White "Jurek,J"]
[Black "Biolek,R2"]
[Result "1/2-1/2"]
[WhiteElo "2299"]
[BlackElo "2423"]

1.d4 d5 2.c4 dxc4 3.e4 e5 4.Nf3 exd4 5.Qxd4 Qxd4 6.Nxd4 Nf6 7.Nc3 Bc5 8.Ndb5 Na6
9.Bf4 Be6 10.Bxc7 O-O 11.Bd6 Rfd8 12.Bxc5 Nxc5 13.Nc7 Rac8 14.Nxe6 Nxe6 15.f3 a6
16.a4  1/2-1/2

[Event "41st Olympiad Women 2014"]
[Site "Tromso NOR"]
[Date "2014.08.06"]
[Round "5.46"]
[White "Al-Zarouni,Aisha"]
[Black "Walcott,Della-Marie"]
[Result "1-0"]
[WhiteElo "1689"]
[BlackElo "1362"]

1.d4 d5 2.c4 dxc4 3.e4 b5 4.Nc3 c6 5.a4 Bd7 6.b3 e6 7.bxc4 bxc4 8.Bxc4 c5
9.d5 e5 10.Qb3 Qb6 11.Rb1 Qxb3 12.Rxb3 a6 13.Nf3 Bd6 14.Ba3 f6 15.O-O Ne7
16.Rfb1 Kf7 17.Ne1 Rd8 18.Nd3 Nc8 19.Nxc5 Bxc5 20.Bxc5 Ne7 21.d6+ Ke8 22.dxe7 Rc8
23.Bd5 Nc6 24.Ba3 Ra7 25.Ne2 Nxe7 26.Rb8 Rc7 27.Rxc8+ Rxc8 28.a5 Nxd5 29.exd5 Rd8
30.Nc3 Rc8 31.Ne4 Kd8 32.f3 Ra8 33.Rb6 Bc8 34.Nd6 Bd7 35.Kf2 Kc7 36.Rb7+ Kd8
37.Bc5 g6 38.Ke3 h6 39.Nf7+ Kc8 40.Rb6 h5 41.Nd6+ Kc7 42.Nc4 Bb5 43.Na3 Bf1
44.Rxf6 Bxg2 45.Rxg6 Bf1 46.Rg7+ Kc8 47.Rg5 Kb7 48.Rxe5 Rh8 49.f4 h4 50.f5 Rh7
51.f6 Kc8 52.Re8+ Kd7 53.Re7+ Rxe7+ 54.Bxe7 Ke8 55.Kd4 Bh3 56.Kc5 Bc8 57.Nc4 Bd7
58.Nd6+  1-0

[Event "41st Olympiad Open 2014"]
[Site "Tromso NOR"]
[Date "2014.08.08"]
[Round "6.6"]
[White "Bacrot,E"]
[Black "Dizdarevic,E"]
[Result "1/2-1/2"]
[WhiteElo "2720"]
[BlackElo "2522"]

1.d4 d5 2.c4 dxc4 3.e4 c5 4.d5 Nf6 5.Nc3 e6 6.Bxc4 exd5 7.Nxd5 Nxd5 8.Bxd5 Bd6
9.Nf3 O-O 10.O-O Nc6 11.Be3 Nb4 12.Bc4 Qc7 13.h3 Nc6 14.Qc2 b6 15.Rad1 Bb7
16.a3 Rad8 17.Bd5 Ne5 18.Nh4 Bxd5 19.Rxd5 Ng6 20.Nf5 Ne7 21.Rxd6 Rxd6 22.Nxd6 Qxd6
23.Rd1 Qe6 24.b4 cxb4 25.axb4 h6 26.b5 f5 27.Qc7 Qxe4 28.Qxa7 Rf6 29.g3 Kh7
30.Qd7 Ng6 31.Qd5 Qa4 32.Rd4 Qa1+ 33.Kg2 Qb1 34.h4 f4 35.Bxf4 Rf5 36.Qc4 Qxb5
37.Be3 Qxc4 38.Rxc4 b5 39.Rc6 Ne7 40.Rd6 Rd5 41.Rb6 Nf5 42.Bf4 h5 43.Kf3 Rc5
44.Ke4 Ne7 45.Be5 Rc4+ 46.Kd3 Rb4 47.Rb7 Nf5 48.Bc3 Rb1 49.Rb6 Rf1 50.Ke2 Rc1
51.Rxb5 Rc2+ 52.Ke1 Nxg3 53.Bd4 Ne4 54.Rxh5+ Kg6 55.Rh8 Nf6 56.Be3 Ra2 57.Kf1 Ra5
58.Rd8 Rd5 59.Ra8 Ng4 60.Kg2 Nf6 61.Ra6 Kf5 62.Kf3 Rb5 63.Ra4 Rd5 64.Bd4 Rb5
65.Kg2 Rd5 66.Rc4 Rb5 67.Bc3 Rd5 68.Bd4 Rb5 69.Rc7 Rb4 70.Bxf6 Kxf6 71.Kg3 Rb1
72.h5 Rb5 73.Kg4 Rg5+ 74.Kh4 Rf5 75.Rc8 Kf7 76.Rc2 Kf6 77.Rb2 Rf4+ 78.Kg3 Rf5  1/2-1/2

[Event "1st Prague Summer Op 2014"]
[Site "Prague CZE"]
[Date "2014.08.09"]
[Round "1.2"]
[White "Studnicka,Toma"]
[Black "Stensholt,Sigvat"]
[Result "1-0"]
[WhiteElo "2377"]
[BlackElo "1890"]

1.d4 d5 2.c4 dxc4 3.e4 Nf6 4.Nc3 e5 5.d5 b5 6.Nxb5 Nxe4 7.Qa4 Bc5 8.Nd6+ Kf8
9.Nxe4 Qxd5 10.Nxc5 Qxc5 11.Be3 Qd5 12.Rd1  1-0

[Event "7th Arad Open 2014"]
[Site "Arad ROU"]
[Date "2014.08.10"]
[Round "9.20"]
[White "Nagy,Ga1"]
[Black "Tincu,R"]
[Result "1/2-1/2"]
[WhiteElo "2423"]
[BlackElo "2151"]

1.d4 d5 2.c4 dxc4 3.e4 e5 4.Nf3 Nf6 5.Nxe5 Bb4+ 6.Nc3 O-O 7.Bxc4 Nxe4 8.Nxf7 Bxc3+
9.bxc3 Rxf7 10.Bxf7+ Kxf7 11.O-O Nd6 12.Re1 Kg8 13.Bf4 Nc6 14.Re3 Bf5 15.Qb3+ Kh8
16.Rae1 h6 17.Bxd6 Qxd6 18.Qf7 Bd7 19.Rg3 g5 20.Rf3 Nd8 21.Qe7 Ne6 22.Qxd6 cxd6
23.Rf7 Nf8 24.Ree7 Kg8 25.h3 Rc8 26.Rg7+ Kh8 27.Rxd7 Nxd7 28.Rxd7 Rxc3 29.Rxd6 Ra3
30.Rxh6+ Kg7 31.Re6 Kf7 32.Re2 Rd3 33.Re4 Ra3 34.d5 Rxa2 35.d6 b5 36.Kf1 Rd2
37.Re7+ Kf6 38.Rxa7 Rxd6 39.Rb7 Rd5 40.Ke2 Ke5 41.Ke3 Rc5 42.g3 Rc3+ 43.Kd2 Rb3
44.Kc2 Rf3 45.Rxb5+ Kf6 46.Kd2 Rxf2+ 47.Ke3 Rh2 48.Rb6+ Kg7 49.Kf3 Rxh3 50.Kg4 Rh1
51.Kxg5 Ra1  1/2-1/2

[Event "41st Olympiad Open 2014"]
[Site "Tromso NOR"]
[Date "2014.08.10"]
[Round "8.3"]
[White "Agdestein,S"]
[Black "Dizdarevic,E"]
[Result "1-0"]
[WhiteElo "2630"]
[BlackElo "2522"]

1.d4 d5 2.c4 dxc4 3.e4 c5 4.d5 e6 5.Nc3 exd5 6.Qxd5 Qxd5 7.Nxd5 Bd6 8.Bxc4 Nf6
9.Nxf6+ gxf6 10.Ne2 Be6 11.Bb5+ Ke7 12.Nc3 a6 13.Bd3 c4 14.Bb1 Nd7 15.f4 Nc5
16.f5 Bd7 17.Nd5+ Kd8 18.Nxf6 Bc6 19.O-O Nd7 20.Rd1 Kc7 21.Nxd7 Bxd7 22.Bc2 Bc6
23.Kf2 h5 24.Kf3 Be5 25.g3 b5 26.Bf4 Rae8 27.b3 Kb6 28.Be3+ Kc7 29.Rac1 h4
30.bxc4 b4 31.Bf4 hxg3 32.hxg3 Bxf4 33.Kxf4 Rh2 34.Bb1 Rf2+ 35.Ke3 Rxf5 36.Rf1 Rg5
37.Rxf7+ Kb6 38.c5+ Kb5 39.Bd3+ Ka4 40.Kf4 Reg8 41.Rf6 Rg4+ 42.Ke5 Re8+ 43.Re6 Rxe6+
44.Kxe6 a5 45.Kd6 Rg6+ 46.Kc7 Ka3 47.e5 Rh6 48.Bc4 Kb2 49.Rf1 Kc3 50.Rf4 Be8
51.e6 a4 52.Bd5 Rh5 53.Kd6 Bb5 54.c6 b3 55.c7 Ba6 56.axb3  1-0

[Event "41st Olympiad Open 2014"]
[Site "Tromso NOR"]
[Date "2014.08.11"]
[Round "9.27"]
[White "Wiedenkeller,M"]
[Black "Dizdarevic,E"]
[Result "1/2-1/2"]
[WhiteElo "2471"]
[BlackElo "2522"]

1.d4 d5 2.c4 dxc4 3.e4 c5 4.d5 e6 5.Nc3 Nf6 6.Bxc4 exd5 7.exd5 a6 8.a4 Bd6
9.Qe2+ Qe7 10.Qxe7+ Kxe7 11.Nge2 Bf5 12.Ng3 Bg6 13.O-O h6 14.f4 Nbd7 15.f5 Bh7
16.Nge4 Nxe4 17.Nxe4 Ne5 18.f6+ gxf6 19.Nxd6 Kxd6 20.Rxf6+ Ke7 21.Rf4 Nxc4
22.Rxc4 Rad8 23.Rxc5 Be4 24.Be3 Rxd5 25.Re1 Kd7 26.Rxd5+ Bxd5 27.Rd1 Ke6
28.a5 h5 29.Re1 Kd7 30.Rd1 Ke6 31.Re1  1/2-1/2

[Event "5th Krakow IM 2014"]
[Site "Krakow POL"]
[Date "2014.08.12"]
[Round "3.3"]
[White "Mikrut,D"]
[Black "Bures,J"]
[Result "1/2-1/2"]
[WhiteElo "2363"]
[BlackElo "2410"]

1.d4 d5 2.c4 dxc4 3.e4 e5 4.Nf3 exd4 5.Bxc4 Nc6 6.O-O Be6 7.Bxe6 fxe6 8.Qb3 Qd7
9.Qxb7 Rb8 10.Qa6 Nf6 11.Nbd2  1/2-1/2

[Event "30th Faaker See Open 2014"]
[Site "Latschach AUT"]
[Date "2014.08.12"]
[Round "5.13"]
[White "Verhoef,He"]
[Black "Mestek,I"]
[Result "1/2-1/2"]
[WhiteElo "2066"]
[BlackElo "2174"]

1.d4 d5 2.c4 dxc4 3.e4 e5 4.Nf3 exd4 5.Bxc4 Nc6 6.O-O Be6 7.Bb5 Bc5 8.b4 Bb6
9.Bb2 Bg4 10.Qa4 Ne7 11.Nbd2 O-O 12.Bxc6 bxc6 13.Ne5 Bd7 14.Ndf3 a5 15.Bxd4 c5  1/2-1/2

[Event "VMCG IM 2014"]
[Site "Lueneburg GER"]
[Date "2014.08.12"]
[Round "4.2"]
[White "Simantsev,M"]
[Black "Poghosyan,Tigran"]
[Result "1-0"]
[WhiteElo "2448"]
[BlackElo "1972"]

1.d4 d5 2.c4 dxc4 3.e4 c5 4.d5 e6 5.Nc3 exd5 6.exd5 Nf6 7.Bxc4 Nbd7 8.Nf3 Nb6
9.Bb5+ Bd7 10.O-O Bxb5 11.Re1+ Be7 12.d6 Bc6 13.Rxe7+ Kf8 14.Ne5 Be8 15.Be3 Rc8
16.Rxb7 h6 17.Rxa7  1-0

[Event "1st Prague Summer Op 2014"]
[Site "Prague CZE"]
[Date "2014.08.12"]
[Round "5.11"]
[White "Bednar,Ma"]
[Black "Tsifanskaya,L"]
[Result "1/2-1/2"]
[WhiteElo "2300"]
[BlackElo "2128"]

1.d4 d5 2.c4 dxc4 3.e4 Nc6 4.Be3 e5 5.d5 Nce7 6.Bxc4 Nf6 7.Nc3 Ng6 8.f3 Bd6
9.Nge2 O-O 10.Qd2 a6 11.O-O-O b5 12.Bb3 Bd7 13.g4 a5 14.Ng3 a4 15.Bc2 b4
16.Nce2 b3 17.axb3 axb3 18.Bxb3 Qb8 19.Kc2 Qb7 20.Ra1 Rfb8 21.Qc3  1/2-1/2

[Event "41st Olympiad Open 2014"]
[Site "Tromso NOR"]
[Date "2014.08.12"]
[Round "10.4"]
[White "Parligras,M"]
[Black "Balogh,C"]
[Result "0-1"]
[WhiteElo "2574"]
[BlackElo "2637"]

1.d4 d5 2.c4 dxc4 3.e4 e5 4.Nf3 exd4 5.Bxc4 Nc6 6.O-O Bc5 7.Ng5 Nh6 8.Nxf7 Nxf7
9.Bxf7+ Kxf7 10.Qh5+ g6 11.Qxc5 Qe7 12.Qxe7+ Nxe7 13.Bf4 c5 14.Na3 b6 15.Nb5 Nc6
16.Nc7 Rb8 17.Rfd1 Rb7 18.a3 g5 19.Bg3 Rd8 20.Rac1 a5 21.Nd5 Be6 22.Bc7 Rc8
23.Bxb6 Bxd5 24.exd5 Rxb6 25.dxc6 Rcxc6 26.f4 gxf4 27.Rf1 Rxb2 28.Rxf4+ Ke7
29.Rxd4 cxd4 30.Rxc6 d3 31.Rc1 Ra2 32.Rd1 Rxa3 33.Kf2 Ra2+ 34.Kf3 d2 35.Ke3 Ke6
36.Kd3 Kd5 37.Rf1 a4 38.g4 a3 39.Kc3 Rb2 40.Ra1 Ke4 41.g5 Ke3  0-1

[Event "41st Olympiad Open 2014"]
[Site "Tromso NOR"]
[Date "2014.08.12"]
[Round "10.3"]
[White "Hammer,J"]
[Black "Stevic,H"]
[Result "0-1"]
[WhiteElo "2628"]
[BlackElo "2606"]

1.d4 d5 2.c4 dxc4 3.e4 e5 4.Nf3 exd4 5.Bxc4 Nc6 6.O-O Be6 7.Bxe6 fxe6 8.Qb3 Qd7
9.Qxb7 Rb8 10.Qa6 Nf6 11.Nbd2 Bd6 12.b3 O-O 13.Ba3 Rb6 14.Qa4 Bxa3 15.Qxa3 Nh5
16.g3 e5 17.Rac1 Qh3 18.Qc5 Nf6 19.a3 h6 20.b4 Rf7 21.Qc4 Ng4 22.Rfd1 Nd8
23.Qf1 Qh5 24.h3 Nf6 25.Qg2 Re7 26.Rc5 Nb7 27.Rcc1 Nd6 28.Ne1 Ra6 29.Ra1 Rxa3
30.f3 Re3 31.Nf1 Rc3 32.Rxa7 Kh7 33.Nd3 Nc4 34.Raa1 Re8 35.Rac1 Ra8 36.Rxc3 dxc3
37.Rc1 Ra3 38.Rc2 Nd7 39.Ra2 Qf7 40.Qe2 Rb3 41.Nc1 Rb2 42.Qd3 Nd2 43.Qxc3 Nxf3+
44.Qxf3 Qxf3 45.Rxb2 Qxe4 46.Ne2 Nb6 47.Kf2 Nd5 48.Nd2 Qf5+ 49.Ke1 Qxh3 50.Rb3 e4
51.Nf1 Qe6 52.Rb1 e3  0-1

[Event "3rd Washington Int 2014"]
[Site "Rockville USA"]
[Date "2014.08.13"]
[Round "8"]
[White "Ippolito,D"]
[Black "Karma,P"]
[Result "1/2-1/2"]
[WhiteElo "2409"]
[BlackElo "2156"]

1.d4 d5 2.c4 dxc4 3.e4 Nf6 4.e5 Nd5 5.Bxc4 Nb6 6.Bd3 Nc6 7.Be3 Nb4 8.Be4 f5
9.a3 N4d5 10.Bc2 g6 11.Bg5 Bg7 12.Ne2 O-O 13.Nbc3 h6 14.Nxd5 Nxd5 15.Bd2 Kh7
16.h4 c5 17.h5 g5 18.f4 gxf4  1/2-1/2

[Event "41st Olympiad Open 2014"]
[Site "Tromso NOR"]
[Date "2014.08.14"]
[Round "11.74"]
[White "Murara,M"]
[Black "Pillay,Ragul"]
[Result "1-0"]
[WhiteElo "1729"]
[BlackElo "1312"]

1.d4 d5 2.c4 dxc4 3.e4 Nc6 4.d5 Ne5 5.f4 Ng6 6.Bxc4 e6 7.Nc3 Bb4 8.Qc2 exd5
9.Bxd5 N8e7 10.Bxf7+ Kxf7 11.Qb3+ Ke8 12.Qxb4 Nc6 13.Qc4 Rf8 14.Nge2 Qf6
15.Nd5 Qd6 16.e5 Qd8 17.Be3 Be6 18.Nxc7+ Qxc7 19.Qxe6+ Nce7 20.O-O b6 21.Nd4 Qb7
22.Nb5 Rd8 23.Nd6+ Rxd6 24.exd6 Rf6 25.Qh3 Rxd6 26.f5 Nf8 27.Bg5 Nd5 28.Rae1+ Kf7
29.Qa3 Qd7 30.Qb3 h6 31.Re7+ Qxe7 32.Bxe7 Kxe7 33.Qg3 Rf6 34.Qxg7+ Rf7 35.Qe5+ Kd8
36.Qxd5+ Rd7 37.Qg8 Ke8 38.Re1+ Re7 39.Rxe7+  1-0

[Event "XXV Jozef Kochan Mem 2014"]
[Site "Koszalin POL"]
[Date "2014.08.15"]
[Round "8.2"]
[White "Shishkin,Va UKR"]
[Black "Mazur,Ste"]
[Result "1/2-1/2"]
[WhiteElo "2478"]
[BlackElo "2407"]

1.d4 d5 2.c4 dxc4 3.e4 e5 4.Nf3 exd4 5.Bxc4 Nc6 6.O-O Be6 7.Bb5 Bc5 8.b4 Bb6
9.a4 a6 10.Bxc6+ bxc6 11.a5 Ba7 12.Bb2 Nf6 13.Nbd2 O-O 14.Qc2 Nh5 15.Qxc6 Nf4
16.Qxa6 Qe7 17.g3 Bc5 18.Qb5 Nh3+ 19.Kg2 Bxb4 20.Bxd4 c5 21.Be3 Rfb8 22.Qe2 Rxa5
23.Rxa5 Bxa5 24.Ne5 Rb2 25.Nc6 Qc7 26.Nxa5 Qxa5 27.Rc1 c4 28.Nxc4 Rxe2 29.Nxa5 Nxf2
30.Bxf2 Rxe4 31.Nc6 h6 32.Nd4 Bd5 33.Kg1 Re7 34.Nf5 Rd7 35.Rd1 Be6 36.Rxd7 Bxd7
37.Nd4 f6 38.Kg2 Kf7 39.Kf3 Bc8 40.Be1 Bb7+ 41.Ke3 Bc8 42.Bc3 Ba6 43.Nf5 Bf1
44.Kd4 Bg2 45.Kc5 Bh3 46.Nd4 Bg2 47.Kd6 Be4 48.Kd7 Bd3 49.Bb4 Bb1 50.Be7 Bd3
51.Kd8 Bb1 52.Nb5 Bg6 53.Nd6+ Kg8 54.Kd7 Bc2 55.Nb7 Ba4+ 56.Kd8 Kf7 57.Bb4 Bd1
58.Nd6+ Kf8 59.Nb7+ Kf7 60.Kd7 Ba4+ 61.Kd6 Bb3 62.Bc5 Ke8 63.Bb6 Kf7 64.Kd7 Ba4+
65.Kd8 Bb3 66.Bc5 Bd1 67.Be7 Ba4 68.Nd6+ Kg8 69.Kc7 Bd1 70.Nb7 Kf7 71.Kd6 Bb3
72.Nd8+ Kg8 73.Kc5 Bd1 74.Bd6 Bb3 75.Kc6 Ba4+ 76.Kc7 Bb5 77.Bb4 Ba4 78.Ba3 Bb5
79.Kd6 Kf8 80.Kd5+ Ke8 81.Nb7 Ba4 82.Nd6+ Kf8 83.Nf5+ Kf7 84.Nd4 Bd7 85.Kd6 Bh3
86.Nc6 Kf8 87.Nd4 Kf7  1/2-1/2

[Event "89th ch-FRA 2014"]
[Site "Nimes FRA"]
[Date "2014.08.18"]
[Round "2.1"]
[White "Gharamian,T"]
[Black "Cornette,M"]
[Result "1/2-1/2"]
[WhiteElo "2657"]
[BlackElo "2533"]

1.d4 d5 2.c4 dxc4 3.e4 b5 4.a4 c6 5.axb5 cxb5 6.Nc3 a6 7.Nxb5 axb5 8.Rxa8 Bb7
9.Ra1 e6 10.f3 f5 11.exf5 Ne7 12.Ra7 Qb6 13.Rxb7 Qxb7 14.fxe6 Nf5 15.g4 Bb4+
16.Kf2 Ne7 17.b3 Qd5 18.bxc4 bxc4 19.Be3 Qxe6 20.Nh3 Nd5 21.Qc1 c3 22.Bc4 Qc6
23.Bb3 Nd7 24.Re1 O-O 25.Qc2 Nf6 26.Kg1 Kh8 27.Bf2 Bd6 28.g5 Nb4 29.Qf5 c2
30.Rc1 Ne8 31.Qe4 Qxe4 32.fxe4 Rf3 33.Be6 Rxh3 34.Bxh3 Bf4 35.Ra1 Bxg5 36.Bd7 Nf6
37.e5 Ng8 38.Kg2 c1=Q 39.Rxc1 Bxc1 40.Kf3 Ne7 41.Ke4 g5  1/2-1/2

[Event "4th Isthmia Open 2014"]
[Site "Vrachati GRE"]
[Date "2014.08.20"]
[Round "4.3"]
[White "Postny,E"]
[Black "Mastrovasilis,A"]
[Result "1-0"]
[WhiteElo "2651"]
[BlackElo "2526"]

1.d4 d5 2.c4 dxc4 3.e4 Nc6 4.Nf3 Bg4 5.d5 Ne5 6.Bf4 Ng6 7.Be3 Nf6 8.Nc3 e5
9.Bxc4 Nh4 10.Rg1 Bd6 11.Qa4+ Bd7 12.Qb3 Nxf3+ 13.gxf3 O-O 14.O-O-O a6 15.Bh6 Nh5
16.Rxg7+ Nxg7 17.Rg1 Qf6 18.Bxg7 Qxg7 19.Rxg7+ Kxg7 20.Ne2 b5 21.Bd3 c5 22.Bc2 f6
23.f4 Kh8 24.Qf3 Rae8 25.Qh5 c4 26.fxe5 fxe5 27.f4 Rf6 28.Qh4 Ref8 29.f5 Be8
30.Ng1 Be7 31.Qf2 Rg6 32.Nf3 Rg4 33.Nxe5 Bg5+ 34.Kb1 Rf4 35.Nf3 Bh5 36.Qc5 Rg8
37.Qd4+ Rg7 38.Nd2 Kg8 39.a3 Rg4 40.d6 Rg2 41.d7 Rxd7 42.Qxd7 Rxd2 43.Qc8+ Rd8
44.Qc7  1-0

[Event "TCh-POL 1st League 2014"]
[Site "Poronin POL"]
[Date "2014.09.03"]
[Round "4.4"]
[White "Sabuk,P"]
[Black "Kowalczyk,R"]
[Result "1-0"]
[WhiteElo "2346"]
[BlackElo "2195"]

1.d4 d5 2.c4 dxc4 3.e4 Nf6 4.e5 Nd5 5.Bxc4 e6 6.Nf3 a6 7.O-O Nb6 8.Bd3 c5
9.Nc3 Nc6 10.Bg5 Be7 11.Bxe7 Qxe7 12.dxc5 Nd7 13.Ne4 O-O 14.Nd6 h6 15.Be4 Ndxe5
16.Re1 Nxf3+ 17.Qxf3 Qc7 18.Rad1 Rb8 19.Qg3 Bd7 20.Nc4 Qxg3 21.hxg3 Rfd8
22.Rd6 Kf8 23.Red1 Ke7 24.f4 Be8 25.Bf3 Rdc8 26.Kf2 Rc7 27.a3 a5 28.Bxc6 Bxc6
29.b4 axb4 30.axb4 Ra8 31.Na5 Bd5 32.Rb6 Rxa5 33.bxa5 Rxc5 34.Rxd5 Rxd5 35.Rxb7+ Kf6
36.a6 Rd2+ 37.Kf3 Rd3+ 38.Ke4 Rxg3 39.a7 Ra3 40.Kd4 g5 41.fxg5+ hxg5 42.Kc5 e5
43.Kb6 e4 44.Rb8 Rb3+ 45.Kc5 Ra3 46.a8=Q Rxa8 47.Rxa8 Ke5 48.g3  1-0

[Event "TCh-POL 1st League 2014"]
[Site "Poronin POL"]
[Date "2014.09.03"]
[Round "5.3"]
[White "Tomaszewski,K"]
[Black "Kowalczyk,R"]
[Result "0-1"]
[WhiteElo "2069"]
[BlackElo "2195"]

1.d4 d5 2.c4 dxc4 3.e4 e5 4.Nf3 exd4 5.Bxc4 Nc6 6.Qb3 Bb4+ 7.Nbd2 Qe7 8.O-O Nf6
9.e5 Nd7 10.a3 Ba5 11.Bxf7+ Kf8 12.Bd5 Ndxe5 13.Ne4 h6 14.Nxe5 Nxe5 15.f4 Ng4
16.Ng5 Bb6 17.Qd3 Ne3 18.Re1 hxg5 19.Bxe3 dxe3 20.fxg5 e2+ 21.Kh1 Qe5 22.h3 Bf5
23.Qf3 c6 24.Bxc6 Bc7 25.Kg1 bxc6 26.Rxe2 Qh2+ 27.Kf1 Qh1+ 28.Kf2 Bb6+ 29.Re3 Bxe3+
30.Ke2 Qxa1 31.Qxf5+ Ke7 32.Qe5+ Kd7 33.Qxg7+ Kc8 34.Qxh8+ Kb7 35.Qg7+ Ka6
36.Qc3 Qc1 37.Qd3+ Kb6 38.Qb3+ Kc5 39.Qxe3+ Qxe3+ 40.Kxe3 Kd5 41.Kf4 Rf8+
42.Kg4 Ke5 43.h4 Rf2 44.g3 Rxb2 45.Kh5 c5  0-1

[Event "TCh-POL 1st League 2014"]
[Site "Poronin POL"]
[Date "2014.09.05"]
[Round "7.3"]
[White "Jakubowski,K"]
[Black "Kosiorek,M"]
[Result "1-0"]
[WhiteElo "2544"]
[BlackElo "2344"]

1.d4 d5 2.c4 dxc4 3.e4 e5 4.Nf3 exd4 5.Bxc4 Nc6 6.O-O Be6 7.Bxe6 fxe6 8.Qb3 Qd7
9.Qxb7 Rb8 10.Qa6 Nf6 11.Nbd2 Be7 12.a3 O-O 13.Qd3 e5 14.b4 Bd6 15.Nc4 Qe7
16.Nxd6 Qxd6 17.Bd2 Nd8 18.Rac1 c6 19.Nh4 Rb7 20.f4 exf4 21.Rxf4 Ne6 22.Rf5 Rb5
23.Nf3 Nd7 24.Rxb5 cxb5 25.Qxb5 d3 26.Rc6 Qe7 27.Qd5 Re8 28.Rc7  1-0

[Event "9th Mediterranean Cup"]
[Site "Chania GRE"]
[Date "2014.09.06"]
[Round "6.8"]
[White "Fidrilakis,Stavros"]
[Black "Yildiz,B"]
[Result "0-1"]
[WhiteElo "1757"]
[BlackElo "2302"]

1.d4 d5 2.c4 dxc4 3.e4 Nf6 4.e5 Nd5 5.Bxc4 Nb6 6.Bb3 Nc6 7.Ne2 Bg4 8.f3 Bf5
9.O-O e6 10.Nbc3 Qd7 11.Bg5 h6 12.Bh4 g5 13.Bf2 O-O-O 14.Ne4 Be7 15.a4 a5
16.Qc1 Nb4 17.Rd1 N6d5 18.Bxd5 Nxd5 19.Nc5 Qc6 20.Nc3 Nf4 21.Nb5 Bxc5 22.Qxc5 Qxc5
23.dxc5 Nd3 24.Bd4 Rd5 25.Bc3 Rxc5 26.Bxa5 b6 27.Bc3 Rd8 28.Ra3 Rcd5 29.b3 g4
30.Ba1 gxf3 31.gxf3 Bh3 32.Rd2 Rg8+ 33.Kh1 Nf2+ 34.Rxf2 Rd1+  0-1

[Event "FSIM September 2014"]
[Site "Budapest HUN"]
[Date "2014.09.08"]
[Round "3.4"]
[White "Erenberg,Ariel"]
[Black "Farkas,R"]
[Result "1-0"]
[WhiteElo "2225"]
[BlackElo "2296"]

1.d4 d5 2.c4 dxc4 3.e4 e5 4.Nf3 exd4 5.Bxc4 Nc6 6.O-O Be6 7.Bb5 Bc5 8.b4 Bb6
9.a4 a6 10.Bxc6+ bxc6 11.a5 Ba7 12.Bb2 Qd6 13.Qd2 Rd8 14.Na3 Ne7 15.Nc2 c5
16.bxc5 Bxc5 17.Ncxd4 Bxd4 18.Qxd4 Qxd4 19.Nxd4 O-O 20.Nxe6 fxe6 21.Ba3 Rd7
22.Rad1 Rfd8 23.Rxd7 Rxd7 24.Bxe7 Rxe7 25.Rc1 Rd7 26.f3 Kf7 27.Rc6 Kf6 28.Rxa6 Rd1+
29.Kf2 Rd2+ 30.Kg3 Ra2 31.Rc6 Rxa5 32.Rxc7 h6 33.Rc6 g5 34.Rc2 Ra6 35.h4 gxh4+
36.Kxh4 Ra5 37.g4 Ra1 38.Rc5 Rh1+ 39.Kg3 Re1 40.Kf4 Ra1 41.e5+ Kg6 42.Rc6 Kf7
43.Rc7+ Kg6 44.Re7 Ra6 45.Kg3 Rb6 46.Kh4 Ra6 47.f4 Rb6 48.Rxe6+  1-0

[Event "FSIM September 2014"]
[Site "Budapest HUN"]
[Date "2014.09.10"]
[Round "5.5"]
[White "To,N"]
[Black "Farkas,R"]
[Result "0-1"]
[WhiteElo "2326"]
[BlackElo "2296"]

1.d4 d5 2.c4 dxc4 3.e4 e5 4.Nf3 exd4 5.Bxc4 Nc6 6.O-O Be6 7.Bb5 Bc5 8.b4 Bb6
9.a4 a6 10.Bxc6+ bxc6 11.a5 Ba7 12.Bb2 Nf6 13.Bxd4 Bxd4 14.Nxd4 Qd7 15.Nc3 O-O
16.Qd3 Rfd8 17.Rfd1 Qd6 18.Rab1 c5 19.bxc5 Qxc5 20.Nxe6 fxe6 21.Qxd8+ Rxd8
22.Rxd8+ Kf7 23.Rd3 Qxa5 24.f3 Qc5+ 25.Kf1 Qc4 26.Rd1 Nd7 27.Ne2 Nc5 28.Rc3 Qb5
29.Rdc1 Nb3 30.Rxc7+ Kf6 31.Rd1 Nc5 32.e5+ Kg6 33.Rc8 Kh6 34.Rcd8 a5 35.R1d4 a4
36.Rh4+ Kg6 37.Rf8 h5 38.g4 a3 39.gxh5+ Kh7 40.Ra8 Qb1+ 41.Kf2 a2 42.h6 a1=Q  0-1

[Event "World Youth Boys U18 2014"]
[Site "Durban RSA"]
[Date "2014.09.21"]
[Round "2.4"]
[White "Eltigani,O"]
[Black "Alekseenko,K"]
[Result "1-0"]
[WhiteElo "2261"]
[BlackElo "2483"]

1.d4 d5 2.c4 dxc4 3.e4 Nf6 4.e5 Nd5 5.Bxc4 Nb6 6.Bd3 Nc6 7.Ne2 Bg4 8.f3 Be6
9.Nbc3 Qd7 10.Ne4 Bd5 11.Nc5 Qc8 12.a3 e6 13.Qc2 Bxc5 14.Qxc5 Qd7 15.O-O a6
16.Qc3 f6 17.exf6 gxf6 18.Bf4 O-O-O 19.b4 e5 20.dxe5 fxe5 21.Bg3 Qe6 22.b5 axb5
23.Bxb5 Bc4 24.Bxc4 Nxc4 25.Rfd1 Rhg8 26.Rac1 Rxd1+ 27.Rxd1 h5 28.Re1 Qd5
29.a4 Nd6 30.Nc1 Nc4 31.Qd3 Nd4 32.Kh1 Rd8 33.Ne2 Nb2 34.Qg6 Rg8 35.Qb1 Nxe2
36.Rxe2 Nd3 37.Rd2 Rd8 38.h3 Qc4 39.Qa1 Rd5 40.Re2 Qc5 41.Kh2 b6 42.Qf1 Qc4
43.Re4 Rd4 44.Qe2 Kb7 45.Re3 Rd5 46.Re4 Rd4 47.Re3 Rd5 48.Re4 Qc1 49.Rh4 Nc5
50.Rxh5 Rd1 51.Bxe5 Re1 52.Qf2 Rh1+ 53.Kg3 Rf1 54.Qd4 Qe1+ 55.Kg4 Rf2 56.Qd5+ Ka7
57.Rh7 Rxg2+ 58.Kh5 Na6 59.Rh8 Nb8 60.Rxb8 Kxb8 61.Qd8+ Kb7 62.Qxc7+  1-0

[Event "64th TCh-BUL Men 2014"]
[Site "Sunny Beach BUL"]
[Date "2014.09.21"]
[Round "3"]
[White "Petkov,V"]
[Black "Ivanov,Jo"]
[Result "1-0"]
[WhiteElo "2531"]
[BlackElo "2358"]

1.d4 d5 2.c4 dxc4 3.e4 c5 4.d5 Nf6 5.Nc3 b5 6.Bf4 Qa5 7.a4 Nxe4 8.Ne2 Nd6
9.axb5 Qb6 10.Ng3 Nd7 11.Qe2 Nf6 12.Nge4 Ndxe4 13.Nxe4 e6 14.dxe6 Qxe6 15.Nxf6+ gxf6
16.b6 a6 17.Ra3 Be7 18.Re3 Qd7 19.Qxc4 Bb7 20.Be2 Bxg2 21.Rg1 Bd5 22.Rxe7+ Kxe7
23.Qxc5+ Ke8 24.Rg3 Rd8 25.Bxa6 Qe7+ 26.Re3 Be6 27.Bb5+ Rd7 28.Qc8+ Qd8 29.Bxd7+  1-0

[Event "World Youth Boys U18 2014"]
[Site "Durban RSA"]
[Date "2014.09.26"]
[Round "8.3"]
[White "Bluebaum,M"]
[Black "Alekseenko,K"]
[Result "0-1"]
[WhiteElo "2521"]
[BlackElo "2483"]

1.d4 d5 2.c4 dxc4 3.e4 Nf6 4.e5 Nd5 5.Bxc4 Nb6 6.Bd3 Nc6 7.Ne2 Bg4 8.Be3 e6
9.Nbc3 Nb4 10.Be4 c6 11.O-O Be7 12.a3 N4d5 13.Qd3 Qd7 14.Rac1 Bf5 15.Ng3 Bg6
16.Bxg6 hxg6 17.Nce4 O-O-O 18.b4 Kb8 19.Nc5 Bxc5 20.bxc5 Nc8 21.Rb1 Qe7 22.Rb3 f5
23.exf6 gxf6 24.Rfb1 g5 25.Qa6 b6 26.cxb6 axb6 27.Ne4 Rd7 28.Nc5 Ra7 29.Qc4 Ka8
30.Nd3 Qc7 31.h3 g4 32.hxg4 Nce7 33.Ne1 b5 34.Qc2 f5 35.g3 fxg4 36.Rc1 Ra6
37.Qe4 Nf5 38.Bf4 Nxf4 39.gxf4 Qh7 40.Rd3 Qh2+ 41.Kf1 Qh1+ 42.Qxh1 Rxh1+
43.Kg2 Rh3 44.Rcc3 b4 45.axb4 Ra1 46.Rxh3 gxh3+ 47.Kxh3 Rxe1 48.Rxc6 Nxd4
49.Rc4 Nf5 50.Kg4 Rg1+ 51.Kf3 Kb7  0-1

[Event "TCh-FIN 2014-15"]
[Site "Finland FIN"]
[Date "2014.09.27"]
[Round "1.3"]
[White "Rojicek,V"]
[Black "Westerinen,H"]
[Result "1-0"]
[WhiteElo "2435"]
[BlackElo "2317"]

1.d4 d5 2.c4 dxc4 3.e4 Nc6 4.Nf3 Nf6 5.Nc3 Bg4 6.d5 Ne5 7.Bf4 Ng6 8.Be3 e6
9.Qa4+ Qd7 10.Qxd7+ Nxd7 11.Nd4 Nh4 12.h3 Bh5 13.dxe6 Nc5 14.Bg5 Be7 15.Bxe7 Kxe7
16.Nd5+ Kd6 17.Nf4 Ke5 18.Nxh5 Kxd4 19.O-O-O+ Nd3+ 20.Bxd3 cxd3 21.Nf4 Kxe4
22.g3 fxe6 23.Rhe1+ Kf5 24.Rxd3 e5 25.Nh5 Ng6 26.f4 Rad8 27.g4+ Ke6 28.Rxd8 Rxd8
29.f5+ Kf7 30.fxg6+ hxg6 31.Ng3 Rd3 32.Ne4 Ke7 33.Ng5 Kf6 34.Kc2 Rd8 35.Ne4+ Ke7
36.Rf1 Rd4 37.Ng5 Rf4 38.Rxf4 exf4 39.Kd3 Kf6 40.Nf3 g5 41.Ke4 c6 42.b4  1-0

[Event "TCh-FIN 2014-15"]
[Site "Finland FIN"]
[Date "2014.09.27"]
[Round "1.2"]
[White "Kauppila,O"]
[Black "Pohjala,H"]
[Result "1/2-1/2"]
[WhiteElo "2299"]
[BlackElo "2409"]

1.d4 d5 2.c4 dxc4 3.e4 Nf6 4.e5 Nd5 5.Bxc4 Nb6 6.Bb3 Bf5 7.Ne2 e6 8.O-O Nc6
9.Nbc3 Be7 10.Be3 Qd7 11.Qc1 O-O-O 12.Rd1 Nb4 13.Ng3 Bg6 14.Nge4 Kb8 15.a3 N4d5
16.Nc5 Qc8 17.a4 Nxe3 18.Qxe3 Nd7 19.N5e4 c6 20.a5 a6 21.Nd2 Qc7 22.Nc4 Rhe8
23.Ne4 Bxe4 24.Qxe4 g6 25.f4 Nf8 26.Nb6 Bb4 27.Nc4 Be7 28.Nb6 Bb4 29.Nc4 Be7  1/2-1/2